| 000 | 00760nam a2200205Ia 4500 | ||
|---|---|---|---|
| 003 | GCL | ||
| 008 | 140319s9999 xx 000 0 ara d | ||
| 040 |
_aGCL / _cGCL |
||
| 082 | 0 | 4 |
_a341.8 _bم و |
| 100 | 1 | _aماليون , و . ن | |
| 245 | 1 | 0 |
_aالولاء المزدوج الذى تفرضة الصهيونية واسرائيل على اليهود فى ضوء القانون الدولى العام (هدية من الاديب عبدالفتاح الجمل) / _cماليون , و . ن |
| 700 | 1 | _aعلى محمد على | |
| 700 | 1 | _aفؤاد افرام البستانى | |
| 300 | _a201 ص | ||
| 490 | _a | ||
| 650 | 0 | 4 | _aالقانون الدولى |
| 650 | 0 | 4 | _aاسرائيل |
| 650 | 0 | 4 | _aالمجتمع الاسرائيلى |
| 942 |
_2ddc _cBK |
||
| 999 |
_c42689 _d42689 |
||